Essential of Psychiatry (Record no. 154297)

MARC details
000 -LEADER
fixed length control field 00397nam a2200145Ia 4500
008 - FIXED-LENGTH DATA ELEMENTS--GENERAL INFORMATION
fixed length control field 230411s9999 xx 000 0 und d
020 ## - INTERNATIONAL STANDARD BOOK NUMBER
International Standard Book Number 81-8191-100-8
041 ## - LANGUAGE CODE
Language code of text/sound track or separate title eng
082 ## - DEWEY DECIMAL CLASSIFICATION NUMBER
Classification number PS/616.89/EAP/KUL/B03388
100 ## - MAIN ENTRY--PERSONAL NAME
Personal name Kulhara P Raguram R & Eapen
9 (RLIN) 177702
245 ## - TITLE STATEMENT
Title Essential of Psychiatry
260 ## - PUBLICATION, DISTRIBUTION, ETC. (IMPRINT)
Name of publisher, distributor, etc. Paras Publishing
Place of publication, distribution, etc. Hyderabad
Date of publication, distribution, etc. 2005
300 ## - PHYSICAL DESCRIPTION
Extent 522p
Holdings
Withdrawn status Lost status Damaged status Not for loan Collection code Home library Current library Date acquired Vendor Cost, normal purchase price Bill number Full call number Barcode Date last seen Cost, replacement price Bill Date Koha item type Original Barcode Total Checkouts
      Reference   Smt. Bakul Tambat Institute of Nursing Education Smt. Bakul Tambat Institute of Nursing Education 03/07/2006 A.D.Kansara Pune. 275.00 9681 PS 616.89 EAP KUL B03388 BTIN-BK-3388 11/04/2023 220.00 22/07/2006 Books B03388  
          Smt. Bakul Tambat Institute of Nursing Education Smt. Bakul Tambat Institute of Nursing Education 22/07/2006 S.K.Kothari,Pune. 275.00 9681 PS 616.89 EAP KUL B03542 BTIN-BK-3542 11/04/2023 192.00 22/07/2006 Books B03542